| 000 | 01346nam a2200289 i 4500 | ||
|---|---|---|---|
| 001 | 186701 | ||
| 003 | SpMaBN | ||
| 005 | 20250817062601.0 | ||
| 008 | 170207s2016 sp a c |||| | spa d | ||
| 020 | _a978-84-7075-634-4 | ||
| 080 | _a7.038.21(083.824) | ||
| 080 | _a77(100)"19"(083.824) | ||
| 245 | 0 | 3 |
_aLo nunca visto : _bde la pintura informalista al fotolibro de postguerra (1945-1965) : Fundación Juan March, Madrid, del 26 de febrero al 5 de junio de 2016 / _c[comisarios, Manuel Fontán del Junco, Inés Vallejo ; con ensayos de Manuel Fontán del Junco, Juan José Lahuerta, María Dolores Jiménez-Blanco ... et al. ; y más de doscientas ilustraciones]. |
| 260 |
_aMadrid : _bFundación Juan March, _c2016. |
||
| 300 |
_a233 p. : _bprincipalmente il. col., fot. ; _c26 cm + _e1 periódico (112 p., [2] p.: il., fot.) |
||
| 500 | _aÍndices. | ||
| 650 | 4 |
_aInformalismo (Arte)- _vExposiciones. _9161657 |
|
| 650 | 4 |
_aFotografía- _yS.XX- _vExposiciones. _9173150 |
|
| 655 | 7 |
_aCatálogos de exposiciones _2tgfbne _9193628 |
|
| 700 | 1 |
_aFontán del Junco, Manuel, _d1963- _9226485 |
|
| 700 | 1 |
_aVallejo, Inés, _d1975- _9161658 |
|
| 700 | 1 |
_aLahuerta, Juan José. _969660 |
|
| 710 | 2 |
_aFundación Juan March _94346 |
|
| 852 |
_aES-MaACL _jA-1401 _9193758 _bR.151219 _cDEPO1 _dOlim: N-7001 |
||
| 942 | _2udc | ||
| 999 |
_c186701 _d186701 |
||